000 00910nam a2200265 4500
003 EC-UNACH
006 s||||gr|||| 00| 00
008 150116t9999 mx r gr 000 0 spa d
020 _a978-3-948250-41-6
040 _aEC-UNACH
_cEC-UNACH
041 _aEnglish
082 0 4 _223
_a306.362
_bL018602
110 _aRosa Luxemburg Stiftung
245 _aAtlas of Enslavement
_bFacts and figures about Forced labour and exploitation
250 _aFirst English edition
264 _aEditorial responsibility
_bAlrun Kaune-Nublein
_c2021
300 _a58 páaginas
_bCuadros, figuras
501 _aTable of contents
505 _aIntroduction -- 12 Short lessons -- Definitions -- Etymology -- Supply -- Trafficking -- Child soldiers
650 _aLatin America
942 _2ddc
_c1
999 _c14360